000 00267nam a2200109Ia 4500
001 1264685
005 20260417141945.0
008 260417s9999 xx 000 0 und d
020 _a9789752894525
245 0 _aSuç ve Ceza
_cCem Akaş
260 _bEverest Yayınları
999 _c1264685
_d1264685